[Event "Izmailov Memorial op 16th"]
[Site "Tomsk"]
[Date "2012.08.08"]
[Round "3"]
[White "Timofeev, Artyom"]
[Black "Sukhanov, Dmitry"]
[Result "1-0"]
[WhiteElo "2659"]
[BlackElo "2146"]
[PlyCount "47"]
[EventDate "2012.08.06"]
[EventType "swiss"]
[EventRounds "9"]
[EventCountry "RUS"]
[SourceTitle "CBM 149 Extra"]
[Source "ChessBase"]
[SourceDate "2012.08.24"]
[SourceVersion "1"]
[SourceVersionDate "2012.08.24"]
[SourceQuality "1"]

1. d4 Nf6 2. c4 e6 3. Nc3 Bb4 4. f3 0-0 5. a3 Bxc3+ 6. bxc3 Ne8 7. e4 b6 8. Bd3 Ba6 9. f4 Nc6 10. Nf3 Na5 11. Qe2 c5 12. d5 f6 13. e5 d6 14. dxe6 dxe5 15. fxe5 Nb3 16. 0-0 Nxc1 17. Raxc1 f5 18. g4 fxg4 19. Qe4 g6 20. Nh4 Ng7 21. Rxf8+ Kxf8 22. Nxg6+ hxg6 23. Qxg6 Kg8 24. Qh7+ 1-0

[Event "Novosibirsk Sukharev Memorial op"]
[Site "Novosibirsk"]
[Date "2012.07.18"]
[Round "1"]
[White "Begishev, Sergei"]
[Black "Sukhanov, Dmitry"]
[Result "0-1"]
[WhiteElo "1938"]
[BlackElo "2163"]
[PlyCount "76"]
[EventDate "2012.07.18"]
[EventType "swiss"]
[EventRounds "9"]
[EventCountry "RUS"]
[SourceTitle "EXT 2013"]
[Source "ChessBase"]
[SourceDate "2012.11.22"]
[SourceVersion "1"]
[SourceVersionDate "2012.11.22"]
[SourceQuality "1"]

1. d4 d5 2. c4 c6 3. e3 Bf5 4. Nc3 e6 5. Nf3 Nf6 6. Be2 h6 7. 0-0 Nbd7 8. b3 Bd6 9. Bb2 0-0 10. Qc1 Qe7 11. Rd1 Rad8 12. a3 a6 13. b4 dxc4 14. Bxc4 e5 15. Ne2 e4 16. Nd2 Bg4 17. Re1 Nd5 18. Ng3 N7f6 19. Qc2 Rfe8 20. Ba2 h5 21. Bb1 Bxg3 22. hxg3 Bf5 23. Nf3 Rd6 24. Ba2 Ng4 25. Nh2 Nxh2 26. Bxd5 cxd5 27. Kxh2 h4 28. Rh1 hxg3+ 29. fxg3 Bd7 30. Qd2 Qg5 31. Raf1 Ree6 32. Qe1 Rh6+ 33. Kg1 Rxh1+ 34. Kxh1 Rh6+ 35. Kg1 Qh5 36. Kf2 Bb5 37. g4 Qh4+ 38. Kg1 Qh2+ 0-1

[Event "Novosibirsk Sukharev Memorial op"]
[Site "Novosibirsk"]
[Date "2011.07.24"]
[Round "7"]
[White "Sukhanov, Dmitry"]
[Black "Petenev, Konstantin"]
[Result "0-1"]
[WhiteElo "2155"]
[BlackElo "2228"]
[PlyCount "86"]
[EventDate "2011.07.18"]
[EventType "swiss"]
[EventRounds "9"]
[EventCountry "RUS"]
[SourceTitle "EXT 2012"]
[Source "ChessBase"]
[SourceDate "2011.11.24"]
[SourceVersion "1"]
[SourceVersionDate "2011.11.24"]
[SourceQuality "1"]

1. e4 c5 2. Nf3 Nc6 3. Bb5 e6 4. Bxc6 bxc6 5. 0-0 d6 6. e5 d5 7. d3 Ne7 8. c4 Ng6 9. Qa4 Bd7 10. b3 Be7 11. Re1 0-0 12. Nbd2 f6 13. Bb2 Nf4 14. cxd5 Nxd3 15. d6 Nxb2 16. Qe4 c4 17. bxc4 Na4 18. Qc2 Nb6 19. Ne4 f5 20. dxe7 Qxe7 21. Nd6 c5 22. Nd2 Bc6 23. Qd3 Qg5 24. f3 Nd7 25. Nb3 Rad8 26. Rad1 h5 27. Na5 Ba8 28. Qd2 f4 29. Qc3 Rb8 30. Ndb7 Rf7 31. Rb1 Rf5 32. Kf1 Rxe5 33. Rxe5 Qxe5 34. Qxe5 Nxe5 35. Rb3 Nxc4 36. Kg1 Nxa5 37. Nxa5 Rxb3 38. Nxb3 Bd5 39. Nxc5 Bxa2 40. Kf2 Kf7 41. Ke2 Bc4+ 42. Kd2 h4 43. Ne4 Kg6 0-1

[Event "Novosibirsk Sukharev Memorial op"]
[Site "Novosibirsk"]
[Date "2011.07.19"]
[Round "2"]
[White "Sukhanov, Dmitry"]
[Black "Moskalev, Alexander"]
[Result "1/2-1/2"]
[WhiteElo "2155"]
[BlackElo "2044"]
[PlyCount "72"]
[EventDate "2011.07.18"]
[EventType "swiss"]
[EventRounds "9"]
[EventCountry "RUS"]
[SourceTitle "EXT 2012"]
[Source "ChessBase"]
[SourceDate "2011.11.24"]
[SourceVersion "1"]
[SourceVersionDate "2011.11.24"]
[SourceQuality "1"]

1. e4 c5 2. Nf3 d6 3. Bb5+ Nd7 4. c3 Ngf6 5. Qe2 a6 6. Ba4 b5 7. Bc2 Bb7 8. d4 e5 9. 0-0 Be7 10. Rd1 Qb6 11. a4 0-0 12. axb5 axb5 13. Rxa8 Rxa8 14. Na3 Ba6 15. Bg5 c4 16. dxe5 Nxe5 17. Nd4 b4 18. Nf5 Bf8 19. Bxf6 bxa3 20. Bxe5 dxe5 21. bxa3 Qb2 22. Qd2 g6 23. Ne3 Qxa3 24. h3 Qc5 25. Qd7 Bb5 26. Qd5 Ra3 27. Qd8 Rxc3 28. Rd5 Qb4 29. Qb8 Bc6 30. Qxe5 Rxc2 31. Ng4 Qe1+ 32. Kh2 Bxd5 33. Nf6+ Kg7 34. Nxd5+ Kh6 35. Nf6 Kg7 36. Ng4+ Kg8 1/2-1/2

[Event "Novosibirsk Region-ch sf"]
[Site "Novosibirsk"]
[Date "2010.10.24"]
[Round "9"]
[White "Sukhanov, Dmitry"]
[Black "Popov, Nikita"]
[Result "1-0"]
[WhiteElo "2138"]
[BlackElo "1781"]
[PlyCount "121"]
[EventDate "2010.??.??"]
[EventType "swiss"]
[EventRounds "9"]
[EventCountry "RUS"]
[SourceTitle "EXT 2014"]
[Source "ChessBase"]
[SourceDate "2013.11.20"]
[SourceVersion "1"]
[SourceVersionDate "2013.11.20"]
[SourceQuality "1"]

1. e4 c5 2. Nf3 d6 3. Bb5+ Bd7 4. a4 Nf6 5. Qe2 Nc6 6. h3 e5 7. d3 a6 8. Bxc6 Bxc6 9. a5 g6 10. Bd2 Bg7 11. Na3 0-0 12. Nc4 Re8 13. Nb6 Rb8 14. Bg5 d5 15. Bxf6 Qxf6 16. 0-0 dxe4 17. dxe4 Qe6 18. Rfd1 Rbd8 19. c4 f5 20. Nd5 Bxd5 21. cxd5 Qf6 22. Nd2 Bh6 23. Nc4 fxe4 24. Qxe4 Bf8 25. Ra3 Qf4 26. Re3 Qxe4 27. Rxe4 g5 28. Rxe5 Rxe5 29. Nxe5 Bg7 30. Nc4 Bd4 31. d6 Kf7 32. b3 Rd7 33. Re1 Kf6 34. Kf1 Bc3 35. Re3 Bd4 36. Re4 h6 37. Ke2 h5 38. f3 Bg1 39. Kd3 Bh2 40. Re7 Rxe7 41. dxe7 Kxe7 42. Ke4 Ke6 43. h4 gxh4 44. f4 Bg3 45. Ne5 Be1 46. f5+ Ke7 47. Nc4 Kf6 48. Ne5 Bxa5 49. Nd7+ Kf7 50. Nxc5 b5 51. Nxa6 Bc3 52. Nc7 b4 53. Nd5 Be1 54. Nf4 Kf6 55. Nxh5+ Kf7 56. Kf4 Bd2+ 57. Kg4 Be1 58. Nf4 Bg3 59. Nd3 Kf6 60. Nxb4 Be1 61. Nd3 1-0

[Event "Novosibirsk Region-ch sf"]
[Site "Novosibirsk"]
[Date "2010.10.23"]
[Round "8"]
[White "Shevchenko, Vitaly"]
[Black "Sukhanov, Dmitry"]
[Result "1-0"]
[WhiteElo "2087"]
[BlackElo "2138"]
[PlyCount "95"]
[EventDate "2010.??.??"]
[EventType "swiss"]
[EventRounds "9"]
[EventCountry "RUS"]
[SourceTitle "EXT 2014"]
[Source "ChessBase"]
[SourceDate "2013.11.20"]
[SourceVersion "1"]
[SourceVersionDate "2013.11.20"]
[SourceQuality "1"]

1. d4 Nf6 2. Nf3 e6 3. Bf4 c5 4. c3 cxd4 5. cxd4 Qb6 6. Qb3 Qxb3 7. axb3 Nc6 8. Nc3 Bb4 9. Bd2 Ke7 10. e3 d6 11. Bd3 e5 12. e4 Bg4 13. d5 Nb8 14. Nb5 Na6 15. Ra4 Bxd2+ 16. Kxd2 Bxf3 17. gxf3 Nc5 18. Rxa7 Rxa7 19. Nxa7 Ra8 20. Nb5 Nxb3+ 21. Kc3 Nc5 22. Bc4 Nh5 23. b4 Nd7 24. Kb3 Nb6 25. Rc1 Rc8 26. Na7 Rc7 27. Nb5 Rxc4 28. Rxc4 Nxc4 29. Kxc4 Nf4 30. Na7 Kd7 31. Kb5 Kc7 32. Ka5 Nd3 33. Nb5+ Kd7 34. Kb6 Nxb4 35. Kxb7 Nc2 36. Nc3 Nd4 37. Na4 Nxf3 38. Nb6+ Ke7 39. Nc8+ Kf8 40. Nxd6 Nxh2 41. Nc4 Nf3 42. d6 Ng5 43. d7 Ne6 44. Nxe5 h5 45. f4 h4 46. Kc8 h3 47. f5 Nd8 48. Kxd8 1-0

[Event "Novosibirsk Sukharev Memorial op"]
[Site "Novosibirsk"]
[Date "2010.07.22"]
[Round "6"]
[White "Sukhanov, Dmitry"]
[Black "Kuzmin, Georgy"]
[Result "0-1"]
[WhiteElo "2150"]
[BlackElo "1996"]
[PlyCount "100"]
[EventDate "2010.07.18"]
[EventType "swiss"]
[EventRounds "9"]
[EventCountry "RUS"]
[SourceTitle "EXT 2011"]
[Source "ChessBase"]
[SourceDate "2010.11.26"]
[SourceVersion "1"]
[SourceVersionDate "2010.11.26"]
[SourceQuality "1"]

1. e4 e5 2. Nf3 d6 3. d4 Nd7 4. Bc4 c6 5. 0-0 Be7 6. dxe5 dxe5 7. Ng5 Bxg5 8. Qh5 Qe7 9. Qxg5 Ngf6 10. Be3 0-0 11. f3 b5 12. Be2 Nc5 13. Nd2 h6 14. Qh4 Ne6 15. Nb3 Kh7 16. a4 b4 17. a5 g5 18. Qf2 Nd7 19. Bc4 a6 20. Rfd1 Nf4 21. Nc5 Rg8 22. Nxd7 Bxd7 23. Bc5 Qe8 24. Rd6 Bh3 25. Bf1 Be6 26. Rad1 g4 27. Kh1 gxf3 28. g3 Nh3 29. Bxh3 Bxh3 30. Qxf3 Bg4 31. Qe3 Rg6 32. R1d2 Rb8 33. Qf2 Be6 34. b3 Kg7 35. R2d3 Rf6 36. Rf3 Rg6 37. Qd2 Bg4 38. Rfd3 Kh7 39. Kg2 Qh8 40. Bxb4 Re8 41. Bc3 Qg7 42. Qe3 Ree6 43. Qc5 Rg5 44. h3 Rxd6 45. Qxd6 Rh5 46. Qc5 Qf6 47. Qe3 Bxh3+ 48. Kh2 Qf1 49. g4 Bxg4+ 50. Kg3 Rh3+ 0-1

[Event "Novosibirsk Sukharev Memorial op"]
[Site "Novosibirsk"]
[Date "2010.07.20"]
[Round "3"]
[White "Moskalev, Alexander"]
[Black "Sukhanov, Dmitry"]
[Result "1-0"]
[WhiteElo "1989"]
[BlackElo "2150"]
[PlyCount "87"]
[EventDate "2010.07.18"]
[EventType "swiss"]
[EventRounds "9"]
[EventCountry "RUS"]
[SourceTitle "EXT 2011"]
[Source "ChessBase"]
[SourceDate "2010.11.26"]
[SourceVersion "1"]
[SourceVersionDate "2010.11.26"]
[SourceQuality "1"]

1. e4 e5 2. Nf3 Nc6 3. Bb5 a6 4. Ba4 Nf6 5. 0-0 Be7 6. Re1 b5 7. Bb3 d6 8. c3 0-0 9. h3 Na5 10. Bc2 c5 11. d4 Qc7 12. Nbd2 cxd4 13. cxd4 Nc6 14. Nb3 a5 15. Be3 a4 16. Nbd2 Bd7 17. Rc1 Qb7 18. Nf1 Rfe8 19. Ng3 h6 20. Qe2 Bf8 21. dxe5 dxe5 22. Red1 g6 23. Bb1 Na5 24. Bc5 Bxc5 25. Rxc5 Nc4 26. b3 axb3 27. axb3 Qa7 28. b4 Qa3 29. Rc7 Qxb4 30. Bd3 Be6 31. Nh4 Qd6 32. Rxc4 bxc4 33. Bxc4 Qe7 34. Bxe6 Qxe6 35. Qe3 Kh7 36. Nhf5 Ng8 37. Rd6 Qc4 38. Nh5 Ra1+ 39. Kh2 Qc1 40. Qf3 gxh5 41. Ne3 Qc7 42. Qf5+ Kh8 43. Rd7 Qc5 44. Rxf7 1-0

[Event "Novosibirsk Sukharev Memorial op"]
[Site "Novosibirsk"]
[Date "2010.07.19"]
[Round "2"]
[White "Sukhanov, Dmitry"]
[Black "Tuzhik, Artem"]
[Result "0-1"]
[WhiteElo "2150"]
[BlackElo "2320"]
[PlyCount "88"]
[EventDate "2010.07.18"]
[EventType "swiss"]
[EventRounds "9"]
[EventCountry "RUS"]
[SourceTitle "EXT 2011"]
[Source "ChessBase"]
[SourceDate "2010.11.26"]
[SourceVersion "1"]
[SourceVersionDate "2010.11.26"]
[SourceQuality "1"]

1. e4 Nf6 2. Nc3 d5 3. e5 d4 4. exf6 dxc3 5. fxg7 cxd2+ 6. Qxd2 Qxd2+ 7. Bxd2 Bxg7 8. 0-0-0 0-0 9. Bc4 Nc6 10. Ne2 Ne5 11. Bb3 c5 12. a4 Bd7 13. Bc3 Rfd8 14. Rd5 c4 15. Ba2 Bg4 16. Nf4 Bh6 17. Rxd8+ Rxd8 18. Bxe5 Rd5 19. Re1 Rxe5 20. Rxe5 Bxf4+ 21. Re3 Bxe3+ 22. fxe3 Be6 23. Bb1 c3 24. a5 Kg7 25. bxc3 Bc4 26. Kb2 Kf6 27. Ka3 Ke5 28. Kb4 Bf1 29. g3 Ke4 30. c4 Kxe3 31. c5 Bg2 32. c3 h6 33. a6 bxa6 34. Ba2 f5 35. Bc4 e5 36. Bxa6 f4 37. gxf4 exf4 38. Bb5 f3 39. c6 f2 40. c7 Bb7 41. Ka5 Kd2 42. Bf1 Kxc3 43. Bg2 Bc8 44. Kb5 Kd2 0-1

[Event "Novosibirsk-ch"]
[Site "Novosibirsk"]
[Date "2010.03.12"]
[Round "9"]
[White "Bublei, Pavel"]
[Black "Sukhanov, Dmitry"]
[Result "1-0"]
[WhiteElo "2217"]
[BlackElo "2148"]
[PlyCount "91"]
[EventDate "2010.03.01"]
[EventType "swiss"]
[EventRounds "9"]
[EventCountry "RUS"]
[SourceTitle "CBM 135 Extra"]
[Source "ChessBase"]
[SourceDate "2010.05.04"]
[SourceVersion "1"]
[SourceVersionDate "2010.05.04"]
[SourceQuality "1"]

1. d4 Nf6 2. c4 e6 3. Nf3 Bb4+ 4. Bd2 c5 5. Bxb4 cxb4 6. a3 Qe7 7. c5 bxa3 8. Nxa3 d6 9. cxd6 Qxd6 10. e3 0-0 11. Bd3 Qb4+ 12. Qd2 Qxd2+ 13. Kxd2 Nc6 14. Nb5 Rd8 15. Rhd1 a6 16. Na3 e5 17. Nxe5 Nxe5 18. dxe5 Ng4 19. Ke1 Be6 20. Be4 Rxd1+ 21. Rxd1 g6 22. Nc2 Rb8 23. f4 Nxh2 24. Nd4 Bd7 25. Ke2 Bg4+ 26. Bf3 Nxf3 27. gxf3 Bd7 28. e4 Kf8 29. Ke3 Ke7 30. f5 a5 31. Rh1 h5 32. Kf4 Rg8 33. f6+ Kd8 34. Kg5 Re8 35. f4 Kc7 36. Kh6 g5 37. Rc1+ Kd8 38. Kxg5 Rg8+ 39. Kxh5 Rg2 40. f5 Rxb2 41. e6 fxe6 42. fxe6 Be8+ 43. f7 Rh2+ 44. Kg5 Rg2+ 45. Kf6 Rf2+ 46. Nf5 1-0

[Event "Novosibirsk-ch"]
[Site "Novosibirsk"]
[Date "2010.03.06"]
[Round "5"]
[White "Perfiliev, Evgeny"]
[Black "Sukhanov, Dmitry"]
[Result "0-1"]
[WhiteElo "1975"]
[BlackElo "2148"]
[PlyCount "82"]
[EventDate "2010.03.01"]
[EventType "swiss"]
[EventRounds "9"]
[EventCountry "RUS"]
[SourceTitle "CBM 135 Extra"]
[Source "ChessBase"]
[SourceDate "2010.05.04"]
[SourceVersion "1"]
[SourceVersionDate "2010.05.04"]
[SourceQuality "1"]

1. e4 e5 2. f4 Bc5 3. Nf3 d6 4. Nc3 Nf6 5. Bc4 0-0 6. d3 Nc6 7. Na4 Bb6 8. Nxb6 axb6 9. 0-0 Na5 10. fxe5 dxe5 11. Bg5 Nxc4 12. Bxf6 Qxf6 13. dxc4 Qe7 14. Qd3 Be6 15. Kh1 f6 16. b3 Rfd8 17. Qe2 Qb4 18. Rfd1 Qc3 19. Rxd8+ Rxd8 20. Rd1 Rxd1+ 21. Qxd1 Kf7 22. h3 Ke7 23. Kh2 Qe3 24. Qe1 Qf4+ 25. Qg3 Kd6 26. Qxf4 exf4 27. Kg1 Bd7 28. Kf2 Bc6 29. Nd4 Ke5 30. Nxc6+ bxc6 31. Kf3 c5 32. c3 g5 33. a4 h5 34. b4 Kd6 35. Ke2 g4 36. hxg4 hxg4 37. Kd3 Kc6 38. Ke2 Kb7 39. Kd3 Ka6 40. Kd2 cxb4 41. cxb4 c5 0-1

[Event "Novosibirsk Sukharev Memorial op"]
[Site "Novosibirsk"]
[Date "2009.07.26"]
[Round "9"]
[White "Pakhomov, Egor"]
[Black "Sukhanov, Dmitry"]
[Result "1-0"]
[WhiteElo "2342"]
[BlackElo "2161"]
[PlyCount "59"]
[EventDate "2009.07.18"]
[EventType "swiss"]
[EventRounds "9"]
[EventCountry "RUS"]
[SourceTitle "CBM 131 Extra"]
[Source "ChessBase"]
[SourceDate "2009.09.03"]
[SourceVersion "2"]
[SourceVersionDate "2009.09.16"]
[SourceQuality "1"]

1. d4 d5 2. Nf3 Nf6 3. c4 c6 4. e3 a6 5. Bd2 Bf5 6. Qb3 b6 7. cxd5 cxd5 8. Nc3 e6 9. Rc1 Bd6 10. Na4 Nfd7 11. Bb4 Bc7 12. Bd3 b5 13. Bxf5 bxa4 14. Qc3 exf5 15. Qxc7 Qxc7 16. Rxc7 Kd8 17. Ba5 Ke7 18. Ke2 f6 19. Rhc1 g5 20. h4 h6 21. Ne1 Re8 22. Nd3 Ke6 23. Rb7 f4 24. exf4 Kf5+ 25. Kf3 g4+ 26. Kg3 Nf8 27. f3 gxf3 28. Kxf3 h5 29. Rc5 Kg6 30. Rxd5 1-0

[Event "Novosibirsk-ch op"]
[Site "Novosibirsk"]
[Date "2009.02.25"]
[Round "7"]
[White "Sukhanov, Dmitry"]
[Black "Krasnov, Yury"]
[Result "1-0"]
[WhiteElo "2126"]
[BlackElo "2035"]
[PlyCount "143"]
[EventDate "2009.02.18"]
[EventType "swiss"]
[EventRounds "9"]
[EventCountry "RUS"]
[SourceTitle "CBM 129 Extra"]
[Source "ChessBase"]
[SourceDate "2009.05.05"]
[SourceVersion "2"]
[SourceVersionDate "2009.05.20"]
[SourceQuality "1"]

1. e4 c5 2. Nf3 a6 3. b3 Nc6 4. Bb2 d6 5. h3 e5 6. Bc4 Be7 7. 0-0 Bf6 8. Nc3 Nge7 9. Nd5 Nxd5 10. Bxd5 Ne7 11. Bc4 b5 12. Bd3 Be6 13. Re1 0-0 14. Bf1 Ng6 15. a4 Qd7 16. axb5 axb5 17. Qe2 c4 18. d4 exd4 19. Bxd4 Ne5 20. Rxa8 Rxa8 21. Rd1 Qc6 22. b4 h6 23. c3 Nxf3+ 24. Qxf3 Bxd4 25. Rxd4 Ra1 26. Qf4 Re1 27. Qd2 Rxe4 28. Rxd6 Qc7 29. g3 Re1 30. Rd8+ Kh7 31. Qxe1 Qxd8 32. Bg2 Qd7 33. h4 Bh3 34. Qe4+ f5 35. Qd5 f4 36. Be4+ g6 37. Qxd7+ Bxd7 38. h5 fxg3 39. hxg6+ Kg7 40. fxg3 Be8 41. Kf2 Bxg6 42. Bc6 Kf6 43. Bxb5 Bf7 44. Ke3 Ke5 45. Bc6 Be6 46. Bf3 Bd7 47. Be2 Bb5 48. Bh5 Bc6 49. Bf3 Bd7 50. Bb7 Bb5 51. Bc8 Bc6 52. Ba6 Bd5 53. Bb5 Bf7 54. Bc6 Kd6 55. Bf3 Ke5 56. b5 Bd5 57. Bxd5 Kxd5 58. b6 Kc6 59. Kd4 Kxb6 60. g4 Kb5 61. Kd5 Kb6 62. Kxc4 Kc6 63. Kd4 Kd6 64. c4 Kc6 65. c5 Kc7 66. Kd5 Kd7 67. c6+ Kc7 68. Kc5 Kc8 69. Kd6 Kd8 70. c7+ Kc8 71. Kc6 h5 72. g5 1-0

[Event "Dimitrovgrad-ch"]
[Site "Dimitrovgrad"]
[Date "2009.??.??"]
[Round "5"]
[White "Chesnokov, Gennady"]
[Black "Sukhanov, Dmitry"]
[Result "1/2-1/2"]
[WhiteElo "2015"]
[BlackElo "2160"]
[PlyCount "47"]
[EventDate "2009.08.??"]
[EventType "swiss"]
[EventRounds "9"]
[EventCountry "RUS"]
[SourceTitle "EXT 2012"]
[Source "ChessBase"]
[SourceDate "2011.11.24"]
[SourceVersion "1"]
[SourceVersionDate "2011.11.24"]
[SourceQuality "1"]

1. e4 e5 2. f4 Bc5 3. Nf3 d6 4. Nc3 Nf6 5. Bc4 Nc6 6. d3 a6 7. Nd5 Bg4 8. c3 0-0 9. h3 Bxf3 10. Qxf3 Na5 11. b4 Nxc4 12. bxc5 Nxd5 13. exd5 e4 14. dxe4 dxc5 15. 0-0 Qd7 16. a4 c6 17. Rd1 Rad8 18. Be3 Qe7 19. dxc6 bxc6 20. Qf2 Qxe4 21. Bxc5 Rxd1+ 22. Rxd1 Rb8 23. Qd4 Qxd4+ 24. Rxd4 1/2-1/2

[Event "Dimitrovgrad-ch"]
[Site "Dimitrovgrad"]
[Date "2009.??.??"]
[Round "8"]
[White "Sukhanov, Dmitry"]
[Black "Mukharyamov, Sergei"]
[Result "1-0"]
[WhiteElo "2160"]
[BlackElo "1970"]
[PlyCount "107"]
[EventDate "2009.08.??"]
[EventType "swiss"]
[EventRounds "9"]
[EventCountry "RUS"]
[SourceTitle "EXT 2012"]
[Source "ChessBase"]
[SourceDate "2011.11.24"]
[SourceVersion "1"]
[SourceVersionDate "2011.11.24"]
[SourceQuality "1"]

1. e4 c6 2. d4 d5 3. exd5 cxd5 4. Bd3 Nf6 5. h3 Nc6 6. c3 e5 7. dxe5 Nxe5 8. Qe2 Qe7 9. Bc2 Nc4 10. Nd2 Nd6 11. Nb3 Bf5 12. Bxf5 Nxf5 13. Bf4 0-0-0 14. g4 Nh4 15. Qxe7 Bxe7 16. 0-0-0 Ne4 17. Be3 Ng2 18. Bxa7 Nf4 19. f3 Ng3 20. Rh2 Bg5 21. h4 Bf6 22. Bf2 Nfe2+ 23. Nxe2 Nxe2+ 24. Kd2 Rhe8 25. Bb6 Rd6 26. Rxe2 Rxe2+ 27. Kxe2 Rxb6 28. g5 Be5 29. Rxd5 Bg3 30. h5 Ra6 31. Ra5 Re6+ 32. Kf1 Re1+ 33. Kg2 Bd6 34. Nd4 Rd1 35. Rb5 Rd2+ 36. Kh3 g6 37. hxg6 hxg6 38. f4 Bxf4 39. Kg4 Rf2 40. a4 Bd6 41. Rd5 Bc7 42. b4 Rg2+ 43. Kh3 Rg3+ 44. Kh4 Rxc3 45. Nb5 Rc4+ 46. Rd4 Rxd4+ 47. Nxd4 Be5 48. Nb3 Kc7 49. Kg4 Kd6 50. Na5 Kc7 51. Nc4 Bc3 52. b5 b6 53. Kf4 f6 54. gxf6 1-0

[Event "Novosibirsk Region-ch sf"]
[Site "Novosibirsk"]
[Date "2008.10.21"]
[Round "4"]
[White "Sukhanov, Dmitry"]
[Black "Bublei, Pavel"]
[Result "0-1"]
[WhiteElo "2132"]
[BlackElo "2152"]
[PlyCount "90"]
[EventDate "2008.10.18"]
[EventType "swiss"]
[EventRounds "9"]
[EventCountry "RUS"]
[SourceTitle "EXT 2022"]
[Source "ChessBase"]
[SourceDate "2021.10.06"]
[SourceVersion "1"]
[SourceVersionDate "2021.10.06"]
[SourceQuality "1"]

1. e4 c6 2. d4 d5 3. e5 Bf5 4. Nf3 e6 5. Be2 Ne7 6. 0-0 Nd7 7. Be3 h6 8. Nbd2 Bh7 9. c4 dxc4 10. Nxc4 Nf5 11. Bd3 Nb6 12. Nxb6 axb6 13. Qc2 Nxe3 14. fxe3 Bxd3 15. Qxd3 Be7 16. Qe4 0-0 17. Qg4 Qd5 18. b3 Ra3 19. Rf2 Qa5 20. Nd2 Rxa2 21. Rxa2 Qxa2 22. Ne4 Qxb3 23. Rf3 Qd1+ 24. Kf2 b5 25. Nf6+ Bxf6 26. exf6 Qc2+ 27. Kg1 Qg6 28. Qh4 Ra8 29. h3 Kh8 30. Kh2 Qg5 31. fxg7+ Qxg7 32. Rg3 Qf8 33. Qf6+ Kh7 34. e4 Rd8 35. h4 b4 36. Kh3 Rd7 37. Rg6 Rxd4 38. g4 Rd8 39. Rxh6+ Qxh6 40. Qxd8 Qe3+ 41. Kh2 Qxe4 42. Qg5 b3 43. h5 b2 44. Qf6 Qxg4 45. h6 Qh5+ 0-1